000 00777nam a22001937a 4500
999 _c159419
_d159419
005 20181217142726.0
010 _aENG-124556
020 _c795.00
_a9789352807680
035 _aEN-108088
037 _bDBAD/PUB.
082 _a320.0934
100 _aChousalkar, Ashok S.
245 _aRevisiting the political thought of ancient india:
_cby Ashok S. Chousalkar
_bpre-kautilyan arthashastra tradition /
260 _aNew Delhi
_bSage Publications India Pvt. Ltd.
_c2018
270 _aB1/I-1, Mohan Cooperative Industrial Area Mathura Road Post Bag 7
_bNew Delhi
_e110044
300 _ax,201p.
_c21cm.(Hb)
500 _aIt includes annexure: methodology of kautila's arthashastra, bibliography, index and about the author
942 _2ddc
_cEN
_mCHO
_h320.0934